000 00532nam a2200193Ia 4500
003 GCL
008 140319s9999 xx 000 0 ara d
040 _aGCL /
_cGCL
082 0 4 _a940.22
_bل ع
100 1 _aجلال يحيى (مترجم)
245 1 0 _aعصر الثورة الفرنسية /
_cجلال يحيى (مترجم)
700 1 _aليفيبر، جورج
300 _a525 ص
490 _aكتاب
_v0
650 0 4 _aتاريخ
650 0 4 _aالثورة الفرنسية
650 0 4 _aاوربا
942 _2ddc
_cBK
999 _c42718
_d42718